000 00901nam a22002297a 4500
003 AUA.1
005 20250710102942.0
007 vd cvaizk
008 250710b |||||||| |||| 00| vneng d
020 _a9780310520429
040 _cJTL
100 _aQureshi, Nabeel
245 _aSeeking Allah, finding Jesus :
_ba former Muslim shares the evidence that led him from Islam to Christianity /
_cNabeek Qureshi.
260 _bZondervan,
_cc2016.
300 _a1 DVD.
306 _a230 minutes.
505 _aSession Titles: 1. Understanding Islam 2. Testing the New Testament 3. Coming to the crux 4. Jesus: mortal Messiah or divine Son of God? 5. The case for the gospel 6. The truth about Muhammad 7. The holiness of the Quran 8. Reaching your Muslim neighbor
600 _aQureshi, Nabeel
650 _aAutobiographies
650 _aChristian converts from Islam
942 _2aua
_cAV
999 _c25176
_d25176